|
|
|
|
| LEADER |
02654nam a2200361 a 4500 |
| 001 |
16164780 |
| 008 |
101207s2011 coua b 001 0 eng d |
| 010 |
|
|
|a 2010011487
|
| 020 |
|
|
|a 9780813344256 (alk. paper)
|
| 040 |
|
|
|a DLC
|c DLC
|d BD-DhAAL
|
| 082 |
0 |
0 |
|a 307.76
|2 22
|
| 100 |
1 |
|
|a Gottdiener, Mark.
|
| 245 |
1 |
4 |
|a The new urban sociology /
|c Mark Gottdiener, Ray Hutchison.
|
| 250 |
|
|
|a 4th ed.
|
| 260 |
|
|
|a Boulder, CO :
|b Westview Press,
|c c2011.
|
| 300 |
|
|
|a xvi, 435 p.:
|b ill. ;
|c 24 cm.
|
| 504 |
|
|
|a Includes bibliographical references and index.
|
| 541 |
1 |
|
|e 00021565
|
| 505 |
0 |
|
|a The new urban sociology -- The origins of urban life -- The rise of urban sociology -- Contemporary urban sociology -- Urbanization in the United States -- Suburbanization, globalization and the emergence of the multi-centered region -- People and lifestyles in the metropolis : urban and suburban culture -- Minority settlement patterns, neighborhoods, and communities in the multi-centered metropolis -- Metropolitan problems : poverty, racism, crime, the sociospatial approach to social problems -- Urbanization in developed nations -- Globalization and urbanization in the developing world -- Metropolitan planning and environmental issues -- Metropolitan social policy -- The future of urban sociology.
|
| 650 |
|
0 |
|a Metropolitan areas
|z United States.
|
| 650 |
|
0 |
|a Suburbs
|z United States.
|
| 650 |
|
0 |
|a Urbanization
|z United States
|x History.
|
| 650 |
|
0 |
|a Sociology, Urban
|z United States.
|
| 650 |
|
0 |
|a Sociology, Urban.
|
| 650 |
|
0 |
|a Urbanization.
|
| 700 |
1 |
|
|a Hutchison, Ray.
|
| 852 |
4 |
|
|a Ayesha Abed Library
|j General Shelf.
|
| 999 |
|
|
|c 10175
|d 10175
|
| 952 |
|
|
|0 0
|1 4
|2 ddc
|4 0
|6 307_760000000000000_GOT
|7 0
|9 13525
|a BRACUL
|b BRACUL
|c GEN
|d 2010-12-08
|e TRIM EDUCATION
|g 3780.00
|l 1
|m 5
|o 307.76 GOT
|p 3010021565
|r 2011-07-15
|s 2011-06-19
|t 1
|w 2010-12-08
|y BK
|x Koha Inventory 2020
|
| 952 |
|
|
|0 0
|1 0
|2 ddc
|4 0
|6 307_760000000000000_GOT
|7 0
|9 13526
|a BRACUL
|b BRACUL
|c GEN
|d 2010-12-08
|e TRIM EDUCATION
|g 3780.00
|l 12
|m 45
|o 307.76 GOT
|p 3010021566
|r 2021-01-18
|s 2020-02-02
|t 2
|w 2010-12-08
|y BK
|
| 952 |
|
|
|0 0
|1 0
|2 ddc
|4 0
|6 307_760000000000000_GOT
|7 0
|9 13527
|a BRACUL
|b BRACUL
|c GEN
|d 2010-12-08
|e TRIM EDUCATION
|g 3780.00
|l 10
|m 73
|o 307.76 GOT
|p 3010021567
|r 2022-05-08
|s 2018-10-09
|t 3
|w 2010-12-08
|y BK
|
| 952 |
|
|
|0 0
|1 0
|2 ddc
|4 0
|6 307_760000000000000_GOT
|7 0
|9 13528
|a BRACUL
|b BRACUL
|c GEN
|d 2010-12-08
|e TRIM EDUCATION
|g 3780.00
|l 9
|m 64
|o 307.76 GOT
|p 3010021568
|r 2021-11-15
|s 2020-02-02
|t 4
|w 2010-12-08
|y BK
|
| 952 |
|
|
|0 0
|1 0
|2 ddc
|4 0
|6 307_760000000000000_GOT
|7 0
|9 13529
|a BRACUL
|b BRACUL
|c GEN
|d 2010-12-08
|e TRIM EDUCATION
|g 3780.00
|l 12
|m 63
|o 307.76 GOT
|p 3010021569
|r 2021-11-04
|s 2020-02-10
|t 5
|w 2010-12-08
|y BK
|